| 000 | 01272cab a2200205 4500 | ||
|---|---|---|---|
| 001 | L136869 | ||
| 008 | 070228n2007 000 0 eng u | ||
| 035 | _a(Sirsi) u136869 | ||
| 041 | 0 | _aeng | |
| 110 | 2 |
_aConstructing Excellence in the Built Environment _94925 |
|
| 245 |
_aSurvey on the impact of modern methods of construction on resource efficiency _h[electronic resource] |
||
| 260 | _c2007 | ||
| 490 | 0 |
_aConstructing Excellence in the Built Environment News _v27 February 2007 |
|
| 520 | _aConstructing Excellence and Envirowise are researching the impact of Modern Methods of Construction (MMC) on resource efficiency, in particular site waste, commercial vehicle movements, energy use and water use. They have developed an online survey to determine the level of uptake of MMC and whether its impact on resource efficiency is being assessed. The survey also addresses current perceptions of MMC and its future use. Industry practitioners are invited to complete the survey. | ||
| 590 | _aKA | ||
| 651 | 4 |
_aUnited Kingdom _y |
|
| 690 |
_aConstruction management _96230 |
||
| 856 | 4 | 0 |
_uhttps://www.constructingexcellence.org.uk/news/article.jsp?id=8464 _zView the item and complete the survey free of charge at www.constructingexcellence.org.uk... |
| 942 | _n0 | ||
| 999 |
_c78476 _d78476 |
||